000
00329nam a2200121Ia 4500
008
220216s9999 xx 000 0 und d
100
_a
Madge E W
245
0
_a
Physico-chemcial properties of latex and their significance in manufacture
260
_b
IRI Transactions
_c
1935
300
_a
393-410
650
_a
Latex
942
_c
JS
999
_c
64962
_d
64962